|
|
|
|
| LEADER |
00000cam a2200000 7i4500 |
| 001 |
0000030581 |
| 005 |
20110210.0 |
| 008 |
110210 |
| 020 |
|
|
|a 8130705648
|
| 090 |
0 |
0 |
|a 372.21
|b MOR
|
| 100 |
1 |
|
|a Mortimer, E.
|
| 245 |
1 |
0 |
|a Practical kindergarten lessons :
|b for English infant school
|c E.Mortimer
|
| 260 |
|
|
|a New Delhi :
|b Cosmo Publications ,
|c 2007
|
| 440 |
|
|
|a International library of education a continuing series
|
| 650 |
|
0 |
|a Elementary education
|
| 650 |
|
0 |
|a Kindergarten
|
| 999 |
|
|
|a 0001019947
|b Book
|c Adult Collection
|e Perbadanan Perpustakaan Awam Johor
|
| 999 |
|
|
|a 0001019948
|b Book
|c Adult Collection
|e Cawangan Muar
|